隣駅までの運賃が300円以上の駅 - Statistics

General Stats
  • This quiz has been taken 148 times
    136 since last reset
  • The average score is 22 of 96
Answer Stats
会社 答え 運賃(円) % Correct
JR北海道 白滝 440
74%
JR北海道 上川 300
73%
JR北海道 奥津軽いまべつ 860
66%
JR北海道 トマム 540
57%
JR北海道 新夕張 440
56%
JR東日本 七戸十和田 680
54%
JR北海道 占冠 540
54%
JR東海 新富士 510
53%
JR東日本 くりこま高原 420
53%
JR西日本 東広島 590
51%
JR東日本 上毛高原 860
50%
JR西日本 新岩国 770
50%
JR東海 岐阜羽島 600
50%
JR西日本 黒部宇奈月温泉 590
50%
JR九州 新玉名 480
50%
JR東日本 安中榛名 330
49%
JR九州 新大牟田 380
48%
JR東日本 白石蔵王 590
47%
JR東日本 水沢江刺 330
46%
JR北海道 遠軽 300
45%
大手私鉄 成田湯川 462
43%
JR西日本 越前たけふ 330
42%
JR西日本・大手私鉄 関西空港 370
39%
JR東日本 本庄早稲田 330
37%
JR北海道 丸瀬布 300
36%
JR北海道 幌延 300
35%
JR北海道 豊富 300
33%
JR北海道 抜海 300
31%
JR北海道 瀬戸瀬 300
27%
第3セクター いわて沼宮内 300
27%
JR北海道 生田原 300
25%
大手私鉄 りんくうタウン 310
24%
JR北海道 天塩中川 300
23%
JR北海道 300
23%
私鉄 宇奈月 350
21%
私鉄 欅平 350
21%
JR北海道 士別 300
20%
JR北海道 和寒 300
20%
モノレール リゾートゲートウェイ・ステーション 300
20%
私鉄 猫又 350
19%
JR北海道 川湯温泉 300
19%
JR北海道 摩周 300
19%
モノレール 東京ディズニーランド・ステーション 300
19%
モノレール 東京ディズニーシー・ステーション 300
19%
私鉄 トロッコ嵐山 880
18%
私鉄 トロッコ保津峡 880
18%
私鉄 トロッコ亀岡 880
18%
JR北海道 佐久 300
17%
JR北海道 美幌 300
17%
JR北海道 鵡川 300
17%
モノレール ベイサイド・ステーション 300
17%
私鉄 トロッコ嵯峨 880
17%
JR北海道 剣淵 300
16%
JR北海道 塘路 300
16%
JR北海道 標茶 340
15%
JR北海道 音別 340
15%
JR九州 宮崎空港 300
15%
私鉄 鐘釣 350
14%
JR北海道 筬島 300
14%
JR北海道 愛別 300
14%
JR北海道 南幌延 300
13%
JR北海道 下沼 300
12%
JR北海道 札弦 300
12%
JR北海道 浜厚真 300
12%
私鉄 出平 350
10%
JR北海道 呼人 300
10%
第3セクター 小繋 320
9%
第3セクター 奥中山高原 320
9%
JR北海道 清里町 300
9%
JR北海道 美留和 300
9%
JR北海道 遠矢 300
9%
JR北海道 勇払 300
9%
JR北海道 磯分内 340
8%
第3セクター 小鳥谷 300
8%
第3セクター 御堂 300
8%
私鉄 小屋平 350
7%
JR北海道 別当賀 340
7%
JR北海道 安国 300
7%
JR北海道 茅沼 300
7%
第3セクター 一戸 300
7%
第3セクター 岩手川口 300
7%
第3セクター 渋民 300
6%
第3セクター まつだい 300
6%
JR北海道 御影 340
5%
JR北海道 緋牛内 300
5%
第3セクター 湯西川温泉 300
5%
第3セクター 関門海峡めかり 300
5%
私鉄 柳橋 350
4%
第3セクター 男鹿高原 300
4%
第3セクター 上三依塩原温泉口 300
4%
第3セクター 中三依温泉 300
4%
第3セクター 出光美術館 300
4%
第3セクター 九州鉄道記念館 300
4%
第3セクター ノーフォーク広場 300
3%
JR北海道 厚別 340
1%
JR北海道 美馬牛 300
1%
No matching quizzes found
Score Distribution
Percent of People with Each Score
Percentile by Number Answered
Your Score History
You have not taken this quiz since the last reset